Cargando…

Pets, People, and Pragmatism /

Pragmatism is used to explore human beings' relationships with horses, dogs, and cats. This results in some surprising conclusions such as respectful relations may require humans to continue in some interactions that include training and work. While most animal rights advocates call for the abo...

Descripción completa

Detalles Bibliográficos
Autor principal: McKenna, Erin, 1965- (Autor)
Formato: Electrónico eBook
Idioma:Inglés
Publicado: New York : Fordham University Press, [2013]
Edición:First edition.
Colección:Book collections on Project MUSE.
Temas:
Acceso en línea:Texto completo

MARC

LEADER 00000cam a22000004a 4500
001 musev2_22221
003 MdBmJHUP
005 20230905042351.0
006 m o d
007 cr||||||||nn|n
008 130131s2013 nyu o 00 0 eng d
020 |a 9780823252404 
020 |z 9780823251148 
020 |z 9780823251155 
035 |a (OCoLC)847623350 
040 |a MdBmJHUP  |c MdBmJHUP 
100 1 |a McKenna, Erin,  |d 1965-  |e author. 
245 1 0 |a Pets, People, and Pragmatism /   |c Erin McKenna. 
250 |a First edition. 
264 1 |a New York :  |b Fordham University Press,  |c [2013] 
264 3 |a Baltimore, Md. :  |b Project MUSE,   |c 2013 
264 4 |c ©[2013] 
300 |a 1 online resource (264 pages). 
336 |a text  |b txt  |2 rdacontent 
337 |a computer  |b c  |2 rdamedia 
338 |a online resource  |b cr  |2 rdacarrier 
490 0 |a American philosophy. 
505 0 |a Introduction : the problem with pets -- Understanding domestication and various philosophical views : the legacy with which we live -- Horses : respecting power and personality -- American pragmatism : the continuity of critters -- Dogs : respecting perception and personality -- Cats : respecting playfulness and personality -- Conclusion : making things better. 
520 |a Pragmatism is used to explore human beings' relationships with horses, dogs, and cats. This results in some surprising conclusions such as respectful relations may require humans to continue in some interactions that include training and work. While most animal rights advocates call for the abolition of all such use, a pragmatist needs to respect the history of these beings and find ways for them to express themselves. 
546 |a English. 
588 |a Description based on print version record. 
650 7 |a Human-animal relationships.  |2 fast  |0 (OCoLC)fst00963482 
650 7 |a Animals (Philosophy)  |2 fast  |0 (OCoLC)fst00809563 
650 7 |a PHILOSOPHY  |x Movements  |x Pragmatism.  |2 bisacsh 
650 6 |a Relations homme-animal. 
650 6 |a Animaux (Philosophie) 
650 0 |a Human-animal relationships. 
650 0 |a Animals (Philosophy) 
655 7 |a Electronic books.   |2 local 
710 2 |a Project Muse.  |e distributor 
830 0 |a Book collections on Project MUSE. 
856 4 0 |z Texto completo  |u https://projectmuse.uam.elogim.com/book/22221/ 
945 |a Project MUSE - Custom Collection 
945 |a Project MUSE - 2013 Philosophy and Religion 
945 |a Project MUSE - 2013 Complete